| 000 | 00634nam a2200193 a 4500 | ||
|---|---|---|---|
| 001 | 000022600 | ||
| 005 | 20200930021708.0 | ||
| 008 | 101013s1996 dr 000 0 spa d | ||
| 020 | _z976815605X | ||
| 040 |
_aDO-SdBNP _bspa _cBNPHU |
||
| 082 |
_axxxx _bJ61i |
||
| 100 | 1 |
_aJiménez, Rafael E. _946512 |
|
| 245 | 1 | 3 |
_aLa investigación en comunicación social : _bconfrontación teórico-metodológica / _cRafael E. Jiménez. |
| 260 |
_aSanto Domingo : _bBúho, _c1996. |
||
| 300 |
_a202 p. ; _c21 cm. |
||
| 500 | _aIncluye datos biográficos del autor en la contracubierta | ||
| 504 | _aBibliografías [p. 199-202] | ||
| 049 | _aBNPD | ||
| 999 |
_c22097 _d22097 |
||